=LDR 00000nam 2200000 4500 =001 INLIS000000000014505 =005 20130612105802 =008 ***********************************Ind** =035 ##$$0010-061300000014505 =041 ##$$a Ind =082 ##$$a 900 =090 ##$$a 900, Sur u =100 ##$$a Suratman, Tono =245 ##$$a untuk negaraku, sebuah potret perjuangan di Timor Timur, Tono suratman ; Editor, Save Dagun =260 ##$$a 2002 $b Jakarta =300 ##$$a vii, 134 hlm, 21 cm =650 ##$$a Sejarah =700 ##$$a Dagun, Save =850 ##$$a NBPNMAT =990 ##$$a 1045710457 =990 ##$$a 01201710457 =990 ##$$a 30500237 =990 ##$$a 30500238 =990 ##$$a 77627762 =990 ##$$a 30500237 =990 ##$$a 30500238 =990 ##$$a 01201710457 =990 ##$$a 01201807762